| 000 | 00833nam a2200205 a 4500 | ||
|---|---|---|---|
| 003 | AM-YeHGA | ||
| 005 | 20250618072056.0 | ||
| 008 | 040430s1920 au r 000 0 arm d | ||
| 040 | _aAM-YeHGA | ||
| 041 | 0 | _aarm | |
| 100 | 1 |
_aԱկինյան, Ներսես Հակոբի, _d1883-1963 |
|
| 245 | 1 | 0 |
_aԳաւազանագիրք կաթողիկոսաց Աղթամարայ : _bՊատմական ուսումնասիրութիւն / _cՀ.Ներսէս Վ. Ակինեան. |
| 260 |
_aՎիեննա : _bՄխիթարեան, _c1920. |
||
| 300 | _a200 էջ. | ||
| 440 | 0 |
_aԱզգային մատենադարան _v306 _94491 |
|
| 650 | 1 | 4 |
_aՀայոց եկեղեցի _xՊատմություն _95146 |
| 856 | 4 |
_uhttps://arar.sci.am/dlibra/publication/344109/edition/316952/content _yԿարդալ առցանց |
|
| 942 |
_2udc _cBK |
||
| 090 | _c125199 | ||
| 999 |
_c123844 _d123844 |
||